000 01058nab a2200217 i 4500
001 168721
003 ES-MaACL
005 20250828063300.0
008 090113s1905 sp 000 0 spa
080 _a821.134.2 Cervantes Saavedra, Miguel de 7 Quijote.07
100 1 _aVicenti, Alfredo,
_d1850-1916
_9226902
245 1 0 _aDon Quijote y el honor /
_cpor Alfredo Vicenti.
600 1 4 _aCervantes Saavedra, Miguel de,
_d1547-1616.
_tDon Quijote de la Mancha-
_vAniversarios y centenarios
_937614
610 2 4 _aAteneo de Madrid-
_vConferencias-
_y1900-1939
_91907
610 2 4 _aAteneo de Madrid-
_vObras digitalizadas.
_91930
773 0 _tEl Ateneo de Madrid en el III Centenario de la publicación de El ingenioso hidalgo Don Quijote de la Mancha : conferencias,
_dMadrid : [s.n.], 1905 (Imp. de Bernardo Rodríguez),
_gp. 251-264
_069185
_971761
_w69185
856 4 _uhttp://www.ateneodemadrid.com/biblioteca_digital/folletos/Folletos-0147.pdf
_zVer documento
942 _cANAM
_2udc
999 _c168721
_d168721